000 00434nam a22001697a 4500
003 NUST - PNEC
005 20170116180907.0
008 150902b xxu||||| |||| 00| 0 eng d
020 _a0878915478
040 _cLIBRARY
082 _a620.106 REA
100 _96744
_aFogiel, M.
245 _aThe fluid mechanics and dynamics problem solver
_cM. Fogiel
260 _cc.1983
650 _96745
_aFluid dynamics
_xME
942 _2ddc
_cBK
999 _c65135
_d65135